陪審團美國鮮體驗

資料類型: Book 圖書   書目號:3806

Leader xxxxxxxxxx
001 __ PCLIS00003806
005 __ 20221021093400.0
010 __ |a9789869114516|b平裝|d
101 __ |achi
200 __ |a陪審團美國鮮體驗|e|f朱水文等作
205 __ |a
210 __ |a臺北市|c米樂文化國際出版|d2014
215 __ |a255|c彩圖|d
225 __ |a|v
300 __ |a
681 __ |a586.5407
700 __ |a|b水文|4702 __ |a|b|4
801 _0 |atw|b內湖高中|c20010622|gCCR
  
  
  
詳細館藏(共 1 筆)
索 書 號登 錄 號冊次號館別 / 館藏地流通類型狀態加入預約清單電子資源
586.5407 / 2510 2020996  圖書館 / 一樓普通區 可外借30天 在館   

| 條列資料




目錄查詢 分類查詢 個人資料 圖書薦購 新書查詢 閉館日 排行榜 更多電子資源 Hami書城 線上資料庫 登出

From : 216.73.216.23

  本日流通累計至 10:48:23 借閱 : 2 次 續借 : 0 次 歸還 : 0 次 預約 : 0 次 電子資源 : 0 次


內湖高中圖書館  PCLIS 版本  25.5.0.2